000 00251nam a22001217a 4500
041 _aENG
100 _aKalis M
245 _aFood Ppeservation and Processing
260 _aDelhi
_bKalyani PUB
_c1999
300 _a492
650 _aAPE
856 _uAPE
999 _c502
_d502